| 000 | 00457nam a22001697a 4500 | ||
|---|---|---|---|
| 005 | 20160630120958.0 | ||
| 008 | 160630b xxu||||| |||| 00| 0 eng d | ||
| 020 | _a81-219-2780-3 | ||
| 041 | _aeng | ||
| 082 | _b19705 | ||
| 100 |
_aGhosh DR M & Bhattacharya Dr D _93302 |
||
| 245 | _aA Text book of Oscillation, Waves & Acoustics | ||
| 260 |
_aNew Delhi _bSultan Chand & Sons, _c2014 |
||
| 300 | _a247 | ||
| 650 |
_aDiploma Engineering _9817 |
||
| 942 | _cBK | ||
| 999 |
_c4916 _d4914 |
||